Memoria de Guerra i Marina presentada al Congreso Nacional de 1878

Gespeichert in:
Bibliographische Detailangaben
Format: Buch
Sprache:Spanisch
Veröffentlicht: Santiago Imprenta Nacional 1878
Ausgabe:1a. ed
Schlagworte:
Tags: Tag hinzufügen
Keine Tags, Fügen Sie den ersten Tag hinzu!

MARC

LEADER 00000cam a2200000 a 4500
001 UCE4707
003 CL-VaPUC
008 141107e18780000cl |||||||||||||||||spa|d
082 0 4 |a 351.05  |b MEM  |2 21 
245 1 0 |a Memoria de Guerra i Marina presentada al Congreso Nacional de 1878 
250 |a 1a. ed 
300 |a 347 p 
942 |c BK 
945 |d 20141107 12:15:00  |a arojas 
260 |a Santiago  |b Imprenta Nacional  |c 1878 
500 |a Incluye plegables 
600 0 7 |a MINISTERIO DE GUERRA Y MARINA  |2 CL-VaPUC  |9 577232 
600 0 |a Armada de Chile  |9 340497 
600 0 |a Marina mercante  |9 389295 
600 0 7 |a CONGRESO NACIONAL  |2 CL-VaPUC  |9 396553 
650 7 |a MEMORIAS MINISTERIALES  |2 CL-VaPUC  |9 396559 
650 0 |a Historia de Chile   |9 322385 
650 0 |a Fuentes Históricas  |9 265141 
650 0 |a Balances  |9 356958 
583 |a last modification  |c 20141107 12:15:00  |k Rodrigo Vera 
999 |c 357587  |d 357585 
952 |0 0  |1 0  |3 erd  |4 0  |6 351_050000000000000_MEM_1878  |7 0  |8 X  |9 465612  |a FDOBUD  |b FDOBUD  |i 5123518  |o 351.05 MEM 1878  |p 5123518  |r 2019-11-23  |w 2019-11-23  |y BK_X  |z Catalogado en:20141107  |k BUD